000 01229nam a2200241Ia 4500
999 _c56207
_d56207
001 23308
003 GE_BSU
005 20251208153323.0
008 181216s1979||||ge |||||||||||||| ||geo||
040 _cGE_BSU
041 _ageo
080 _a94(410)"16 კ-57
100 _aკიღურაძე, გივი
_926203
245 _aXVII საუკუნის ინგლისის ბურჟუაზიული რევოლუცია. წ. 1, 1603-1642 /
_cგივი კიღურაძე ; რედ. ი. ზაალიშვილი ; ქ. თავართქილაძე ; მხატვ. ზ. აფანასევი.
264 _aთბილისი :
_bსაბჭ. საქართველო,
_c1979.
300 _a504 გვ. ;
_c22 სმ.
541 _h15 ლ.
653 _aXVII საუკუნის ინგლისის ბურჟუაზიული რევოლუცია
700 _aზაალიშვილი, ი.
_eრედაქტორი
_926382
700 _aთავართქილაძე, რ.
_eრედაქტორი
_926383
700 _a მხატვ. ზ. აფანასევი
_926384
942 _cBK
_2udc